|
|
|
|
| LEADER |
01074cam a2200301 a 4500 |
| 001 |
c000398687 |
| 003 |
CARM |
| 005 |
20150226143654.0 |
| 008 |
150206s1977 ilua b 001 0 eng |
| 010 |
|
|
|a 76004675
|
| 019 |
1 |
|
|a 848374
|z 22004794
|5 LACONCORD2021
|
| 020 |
|
|
|a 0030897041
|
| 020 |
|
|
|a 9780030897047
|
| 035 |
|
|
|a (OCoLC)3017972
|5 LACONCORD2021
|
| 040 |
|
|
|a LC
|b eng
|c LC
|d ANL
|
| 050 |
0 |
0 |
|a HM51
|b .S66337
|
| 082 |
0 |
4 |
|a 301
|
| 245 |
0 |
0 |
|a Sociology :
|b an introduction /
|c Reece McGee [editor] and others.
|
| 260 |
|
|
|a Chicago, Ill. :
|b Holt Rinehart and Winston,
|c 1977.
|
| 300 |
|
|
|a xii, 647 p. :
|b ill. ;
|c 27 cm.
|
| 504 |
|
|
|a Includes bibliographical references and index.
|
| 650 |
|
0 |
|a Sociology.
|
| 700 |
1 |
|
|a McGee, Reece Jerome.
|
| 852 |
8 |
|
|b CARM
|p 0611823
|f BK
|
| 852 |
8 |
|
|b SCAN
|h A3:AI21D0
|i F09068
|p 0611823
|f BK
|
| 999 |
f |
f |
|i 4944c63d-e5cc-5068-829a-051f587bf0dc
|s ba21c3a4-d395-5141-a93d-527425114155
|
| 952 |
f |
f |
|p Can circulate
|a CAVAL
|b CAVAL
|c CAVAL
|d CARM 1 Store
|i book
|m 0611823
|
| 952 |
f |
f |
|a CAVAL
|b CAVAL
|c CAVAL
|d Unmapped Location
|e F09068
|f A3:AI21D0
|h Other scheme
|